000 01000nam a22002297a 4500
003 OSt
005 20251007161054.0
008 240405b ||||| |||| 00| 0 eng d
040 _c0
082 _aDPer 621.381 Ie21 October 2022 v. 37 n. 10
100 _aCao, Lingling.
_eauthor.
_956293
245 _aAn immittance-network-based multiport ZVS bidirectional converter with power decoupling capability /
_cLingling Cao, Jiefeng Lin, Xingyue Jiang, C. S. Wong, and K. H. Loo.
260 _aNew York ;
_bThe Institute of Electrical and Electronics Engineers, Inc. ,
_cOctober 2022.
300 _aVolume 37, pages 12729-12740 :
_billustration ;
_c28 cm.
500 _aIEEE Transactions on Power Electronics, v. 37, n. 10, pages 12729-12740, October 2022.
700 _aCao, Lingling.
_eauthor.
_956293
700 _aLin, Jiefeng.
_eauthor.
_956294
700 _aJiang, Xingyue.
_eauthor.
_956295
700 _aWong, C. S.
_eauthor.
_956296
700 _aLoo, K. H.
_eauthor.
_956297
942 _2ddc
_cPER
999 _c20075
_d20075